000 02172cam a2200289 4500500
005 20260111112208.0
041 _afre
042 _adc
100 1 0 _aResnik, Salomon
_eauthor
245 0 0 _aL'homme gelé
260 _c2013.
500 _a5
520 _aAu travers du cas de l’homme gelé, à un moment donné, l’homme sans visage, je me permets de développer certaines idées de mon expérience sur la fonction contenante dans le transfert et dans l’idée de corps vécu. L’homme gelé prend conscience de son corps vivant au moment du dégel... Expérience de changement catastrophique où la notion de vie ou de lieu vivant et du devenir réapparaît dans sa vie. Cet article fait partie d’un travail plus important sur l’expérience psychotique à propos de la notion d’espace et de temps de la personne et de la relation de transfert, c’est-à-dire dans un contexte interpersonnel dans l’analyse de la psychose.
520 _aThe frozen man, becoming the faceless man, allow me to develop certain ideas and concepts related to my experience as a psychoanalist of psychotic patients. Also with problems related to the containing fonction in the transference situation and the idea of a living body... The frozen man becomes aware of his body at a particular moment of his defreeze... In that case, feelings of catastrophic change and the idea of life and living space and living time appears again in his life. This article is part of a more important work on the psychotic experience and about space and time in the transference, in the work with psychotic patients.
690 _acorps vivant
690 _aespace et temps vivants
690 _aexpériences psychotiques
690 _afonction contenante
690 _atransfert
690 _acontaining function
690 _aliving body
690 _aliving space and time
690 _apsychotic experiences
690 _atransference
786 0 _nJournal de la psychanalyse de l'enfant | 2 | 2 | 2013-10-04 | p. 625-642 | 0994-7949
856 4 1 _uhttps://shs.cairn.info/revue-journal-de-la-psychanalyse-de-l-enfant-2012-2-page-625?lang=fr&redirect-ssocas=7080
999 _c1631840
_d1631840